000 00396 a2200145 4500
001 167092
020 _a
040 _cMagnum
100 _aTorres, Carlos Alberto
240 1 0 _aEducacao, poder e biografia pessoal: dialogos com educadores criticos
_lpor
245 1 0 _aEducacao, poder e biografia pessoal: dialogos com educadores criticos
362 0 _a1899
697 _aENSINO
942 _cBK
999 _c167092
_d167092